[Event "Riga Tech Open A 2018"]
[Site "Riga LAT"]
[Date "2018.08.08"]
[Round "4.22"]
[White "Povilaitis, Tomas"]
[Black "Pechac, Jergus"]
[Result "0-1"]
[BlackTitle "IM"]
[WhiteElo "1804"]
[BlackElo "2431"]
[WhiteFideId "12811700"]
[BlackFideId "14926970"]
[EventDate "2018.08.06"]

1. e4 e5 2. Nf3 Nf6 3. Nc3 Nc6 4. Bb5 Bd6 5. d3 h6 6. Bxc6 dxc6 7. h3 Qe7 8. Qe2
Be6 9. Bd2 Nd7 10. d4 exd4 11. Nxd4 O-O-O 12. O-O-O Nb6 13. Nxe6 Qxe6 14. Qg4
Qxg4 15. hxg4 Nc4 16. Ne2 Bc5 17. Rhf1 Rhe8 18. Ng3 Bd6 19. Bc3 Bf4+ 20. Kb1
Bxg3 21. Rxd8+ Kxd8 22. fxg3 f6 23. Re1 Kd7 24. Kc1 Ne5 25. Bxe5 Rxe5 26. Kd2
Ra5 27. a3 Rb5 28. b4 Rg5 29. Ke3 Rxg4 30. Kf3 Rg5 31. Rd1+ Ke7 32. c4 b6 33.
Kf4 a6 34. a4 a5 35. b5 Rc5 36. Rd4 Ke6 37. g4 cxb5 38. cxb5 Rc3 39. g5 fxg5+
40. Kg4 Kf6 41. Kh5 Rc2 42. Rd7 Rxg2 43. e5+ Kxe5 44. Rxc7 Rh2+ 45. Kg4 Rh4+ 0-1

[Event "Riga Tech Open A 2018"]
[Site "Riga LAT"]
[Date "2018.08.08"]
[Round "4.23"]
[White "Yankelevich, Lev"]
[Black "Mierins, Eriks"]
[Result "1/2-1/2"]
[WhiteTitle "IM"]
[WhiteElo "2420"]
[BlackElo "2235"]
[WhiteFideId "24684074"]
[BlackFideId "11603178"]
[EventDate "2018.08.06"]

1. Nf3 Nf6 2. c4 e6 3. Nc3 d5 4. d4 c6 5. Bg5 Nbd7 6. e3 Be7 7. Qc2 a6 8. cxd5
exd5 9. Bd3 O-O 10. h3 c5 11. dxc5 Nxc5 12. O-O Nxd3 13. Qxd3 Be6 14. Rfd1 Rc8
15. Nd4 h6 16. Bh4 Qb6 17. Rab1 Rfe8 18. Nf5 Bxf5 19. Qxf5 Qe6 20. Qf3 Ne4 21.
Bxe7 Nxc3 22. bxc3 Rxe7 23. Rxd5 Rxc3 24. Rd8+ Kh7 25. Rbd1 Rec7 26. Kh2 Rc2 27.
Rf8 Rxa2 28. Qf4 Rcc2 29. Rdd8 Rxf2 30. Rh8+ Kg6 31. Qg3+ Kf6 32. Qh4+ Kg6 33.
Qg3+ Kf6 34. Qh4+ Kg6 35. Qg3+ 1/2-1/2

[Event "Riga Tech Open A 2018"]
[Site "Riga LAT"]
[Date "2018.08.08"]
[Round "4.24"]
[White "Bluebaum, Matthias"]
[Black "Manafov, Vugar"]
[Result "0-1"]
[WhiteTitle "GM"]
[BlackTitle "FM"]
[WhiteElo "2637"]
[BlackElo "2215"]
[WhiteFideId "24651516"]
[BlackFideId "13410814"]
[EventDate "2018.08.06"]

1. d4 Nf6 2. c4 e6 3. Nf3 Bb4+ 4. Nbd2 O-O 5. g3 d6 6. Bg2 Nc6 7. O-O e5 8. d5
Ne7 9. Nb3 Nd7 10. a3 Bc5 11. Nxc5 Nxc5 12. b4 Nd7 13. e4 a5 14. Bb2 b6 15. Nd2
f5 16. exf5 Nxf5 17. Qc2 Qf6 18. Rae1 axb4 19. axb4 Nd4 20. Qd3 Ra2 21. Bxd4
exd4 22. f4 Qh6 23. Nf3 Nf6 24. Nxd4 Ng4 25. h4 Qf6 26. Re4 Bd7 27. f5 Ne5 28.
Qc3 Rfa8 29. Qc1 R8a3 30. Qf4 Nxc4 31. Rf2 Rxf2 32. Qxf2 Ne5 33. g4 h6 34. Bf1
Qf7 35. Nc2 Ra2 36. Rxe5 dxe5 37. Bc4 Rb2 38. Qe2 b5 39. Bd3 Qxd5 40. Be4 Qc4
41. Qf3 Bc6 42. Bxc6 Qxc2 43. Bxb5 Qh2+ 0-1

[Event "Riga Tech Open A 2018"]
[Site "Riga LAT"]
[Date "2018.08.08"]
[Round "4.25"]
[White "Smirin, Ilia"]
[Black "Sawlin, Leonid"]
[Result "1-0"]
[WhiteTitle "GM"]
[BlackTitle "FM"]
[WhiteElo "2602"]
[BlackElo "2346"]
[WhiteFideId "2801990"]
[BlackFideId "4689542"]
[EventDate "2018.08.06"]

1. e4 e6 2. d4 d5 3. Nc3 Bb4 4. e5 c5 5. a3 Bxc3+ 6. bxc3 Qa5 7. Bd2 Qa4 8. Qg4
Kf8 9. Nf3 Nc6 10. Be2 Nge7 11. Qf4 Qxc2 12. dxc5 Qe4 13. Qxe4 dxe4 14. Ng5 Nxe5
15. Nxe4 Bd7 16. O-O Bc6 17. Nd6 Nd7 18. Bh5 f6 19. Rfe1 Nxc5 20. Be3 Nd7 21.
Rad1 Nd5 22. Bd2 g6 23. Rxe6 Kg7 24. c4 Nc5 25. Ree1 gxh5 26. cxd5 Ba4 27. Re7+
Kg6 28. f4 h4 29. f5+ Kh5 30. Rf1 Rad8 31. Bf4 Rd7 32. Ne8 Rxe8 33. Rxe8 Rxd5
34. Rh8 Rxf5 35. Rxh7+ Kg6 36. Rh6+ Kf7 37. Be3 Rxf1+ 38. Kxf1 Bb5+ 39. Kg1 Nd7
40. Bxa7 1-0

[Event "Riga Tech Open A 2018"]
[Site "Riga LAT"]
[Date "2018.08.08"]
[Round "4.26"]
[White "Esipenko, Andrey"]
[Black "Chittka, Julius"]
[Result "1-0"]
[WhiteTitle "GM"]
[WhiteElo "2589"]
[BlackElo "2316"]
[WhiteFideId "24175439"]
[BlackFideId "12954772"]
[EventDate "2018.08.06"]

1. d4 Nf6 2. Nf3 g6 3. g3 Bg7 4. Bg2 d5 5. O-O O-O 6. c4 dxc4 7. Na3 c3 8. bxc3
c5 9. Re1 Nc6 10. Bb2 Qb6 11. Nc4 Qa6 12. Nce5 Nxe5 13. Nxe5 Be6 14. Nd3 cxd4
15. cxd4 Qb6 16. e4 Bc4 17. Ne5 Qxb2 18. Nxc4 Qb5 19. Qb3 Qd7 20. Rad1 Rad8 21.
d5 Ng4 22. Bh3 f5 23. exf5 gxf5 24. d6 e6 25. Bxg4 fxg4 26. Ne5 Bxe5 27. Rxe5
Rf6 28. Qc4 Rc8 29. Qxg4+ Kf8 30. Rg5 Qf7 31. d7 Rd8 32. Qb4+ Qe7 33. Rg8+ 1-0

[Event "Riga Tech Open A 2018"]
[Site "Riga LAT"]
[Date "2018.08.08"]
[Round "4.29"]
[White "Maiorov, Nikita1"]
[Black "Vovk, Ilja"]
[Result "1-0"]
[WhiteTitle "GM"]
[BlackTitle "FM"]
[WhiteElo "2504"]
[BlackElo "2294"]
[WhiteFideId "13501720"]
[BlackFideId "4501764"]
[EventDate "2018.08.06"]

1. d4 d6 2. g3 e5 3. dxe5 dxe5 4. Qxd8+ Kxd8 5. Nc3 Nc6 6. Be3 Nf6 7. Nf3 Bd6 8.
Bg2 Ke7 9. O-O-O h6 10. Nd2 Be6 11. Nde4 Nxe4 12. Nxe4 f5 13. Nc5 Bxc5 14. Bxc5+
Kf6 15. Bxc6 bxc6 16. Rd3 Rhd8 17. Rc3 Rd5 18. Ba3 Bd7 19. f3 f4 20. e4 fxe3 21.
Rxe3 a5 22. c4 Rd4 23. b3 a4 24. Bb2 axb3 25. axb3 Bf5 26. Rhe1 Rd3 27. Rxe5 Kg6
28. g4 Bc8 29. Re7 Kg5 30. R1e5+ Kg6 31. Rd5 1-0

[Event "Riga Tech Open A 2018"]
[Site "Riga LAT"]
[Date "2018.08.08"]
[Round "4.39"]
[White "Modler, Andreas"]
[Black "Akesson, Ralf"]
[Result "1/2-1/2"]
[BlackTitle "GM"]
[WhiteElo "2278"]
[BlackElo "2389"]
[WhiteFideId "24645877"]
[BlackFideId "1700120"]
[EventDate "2018.08.06"]

1. c4 Nf6 2. Nc3 c5 3. g3 e6 4. Nf3 b6 5. Bg2 Bb7 6. O-O Be7 7. Re1 d5 8. cxd5
Nxd5 9. e4 Nb4 10. d4 cxd4 11. Nxd4 N8c6 12. Be3 Nxd4 13. Bxd4 O-O 14. a3 Nc6
15. Be3 Qxd1 16. Raxd1 Rfd8 1/2-1/2

[Event "Riga Tech Open A 2018"]
[Site "Riga LAT"]
[Date "2018.08.08"]
[Round "4.42"]
[White "Jackson, James P"]
[Black "Player, Edmund C"]
[Result "1-0"]
[WhiteTitle "FM"]
[WhiteElo "2380"]
[BlackElo "2194"]
[WhiteFideId "416860"]
[BlackFideId "406520"]
[EventDate "2018.08.06"]

1. e4 e6 2. d4 d5 3. Nc3 Bb4 4. e5 Ne7 5. a3 Bxc3+ 6. bxc3 b6 7. Qg4 Ng6 8. h4
h5 9. Qd1 Ba6 10. Bxa6 Nxa6 11. Bg5 Qd7 12. Ne2 Qa4 13. Ng3 Qc4 14. Qf3 c5 15.
Rd1 Nb8 16. Rh3 Nc6 17. Nxh5 Rh7 18. Nf4 Nxf4 19. Qxf4 Rc8 20. h5 cxd4 21. cxd4
Qxc2 22. Rc1 Qf5 23. g4 Qxf4 24. Bxf4 Kd7 25. Rhc3 Rhh8 26. Be3 f6 27. exf6 gxf6
28. f3 Ne7 29. Bf4 Nc6 30. Kf2 e5 31. dxe5 fxe5 32. Rxc6 Rxc6 33. Rxc6 Kxc6 34.
Bxe5 Rh7 35. Ke3 Kc5 36. f4 Kc4 37. f5 d4+ 38. Bxd4 Re7+ 39. Kf4 Kxd4 40. f6 Re8
41. g5 Rf8 42. Kf5 b5 43. g6 Kd5 44. g7 1-0

[Event "Riga Tech Open A 2018"]
[Site "Riga LAT"]
[Date "2018.08.09"]
[Round "5.1"]
[White "Donchenko, Alexander"]
[Black "Kaczur, Florian"]
[Result "1-0"]
[WhiteTitle "GM"]
[BlackTitle "IM"]
[WhiteElo "2612"]
[BlackElo "2482"]
[WhiteFideId "24603295"]
[BlackFideId "705098"]
[EventDate "2018.08.06"]

1. d4 d5 2. c4 e6 3. Nc3 Be7 4. Nf3 Nf6 5. Bf4 O-O 6. Rc1 c6 7. e3 Nbd7 8. h3 b6
9. cxd5 exd5 10. Bd3 Bb7 11. O-O a6 12. Bh2 c5 13. dxc5 bxc5 14. Qb3 Bc6 15. Qc2
Re8 16. Rfd1 Bf8 17. Ng5 g6 18. e4 Nxe4 19. Ncxe4 dxe4 20. Bxe4 Bxe4 21. Nxe4
Qh4 22. Nd6 Bxd6 23. Bxd6 Re6 24. Qd2 Rae8 25. Bg3 Qe7 26. Qa5 Rc8 27. Rd5 c4
28. Rcd1 Nf6 29. Rd8+ Rxd8 30. Rxd8+ Kg7 31. Bf4 Re4 32. Bd6 Qe6 33. Bf8+ Kg8
34. Bh6+ Ne8 35. Qb4 Re1+ 36. Kh2 Qe7 37. Qxe7 Rxe7 38. Rc8 f6 39. Rxc4 Re2 40.
Be3 Rxb2 41. Ra4 Nc7 42. Bd4 Rc2 43. Bxf6 Rxf2 44. Be5 Nd5 45. Rxa6 Ne3 46. Kg3
Rf5 47. Bf4 Nf1+ 48. Kg4 Kf7 49. Ra7+ Kg8 50. Ra8+ Kf7 51. Ra7+ Kg8 52. h4 h5+
53. Kf3 Nh2+ 54. Ke4 Ng4 55. g3 Rb5 56. a4 Rb3 57. a5 Ra3 58. a6 Ra5 59. Bc7 Ra3
60. Kd5 Nf6+ 61. Ke6 Ne4 62. Ra8+ Kh7 63. a7 Ra6+ 64. Kf7 g5 65. Be5 Nd6+ 66.
Bxd6 Rxd6 67. Rh8+ Kxh8 68. a8=Q+ Kh7 69. Qg8+ 1-0

[Event "Riga Tech Open A 2018"]
[Site "Riga LAT"]
[Date "2018.08.09"]
[Round "5.2"]
[White "Pavlov, Sergey2"]
[Black "Kovalenko, Igor"]
[Result "0-1"]
[WhiteTitle "IM"]
[BlackTitle "GM"]
[WhiteElo "2496"]
[BlackElo "2641"]
[WhiteFideId "14114330"]
[BlackFideId "14117908"]
[EventDate "2018.08.06"]

1. c4 e5 2. Nc3 Nc6 3. e3 g6 4. d4 d6 5. d5 Nce7 6. Bd3 f5 7. e4 Nf6 8. exf5
gxf5 9. f4 e4 10. Be2 Bg7 11. Nh3 O-O 12. Nf2 a6 13. Be3 Bd7 14. h3 b5 15. Qd2
h5 16. g3 Qb8 17. a3 Qb7 18. Rg1 bxc4 19. Bxc4 Rab8 20. b4 Kf7 21. Rc1 Bb5 22.
Ba2 Rh8 23. a4 Bd7 24. Rb1 Rh6 25. Bc4 Rg8 26. h4 Ra8 27. Nh3 Kg6 28. Ng5 Ng4
29. Bd4 Bxd4 30. Qxd4 Qb6 31. Qxb6 cxb6 32. Kd2 Rhh8 33. Bb3 Rhc8 34. Rgc1 Nf6
35. Rc2 a5 36. b5 Rc5 37. Rbc1 Rac8 38. Ba2 Re8 39. Bb3 Rd8 40. Ba2 Bc8 41. Bb3
Ne8 42. Nd1 Nxd5 43. Ne3 Nxe3 44. Kxe3 Kf6 45. Kd4 Ng7 46. Ke3 Be6 0-1

[Event "Riga Tech Open A 2018"]
[Site "Riga LAT"]
[Date "2018.08.09"]
[Round "5.4"]
[White "Predke, Alexandr"]
[Black "Dragnev, Valentin"]
[Result "1-0"]
[WhiteTitle "GM"]
[BlackTitle "GM"]
[WhiteElo "2606"]
[BlackElo "2509"]
[WhiteFideId "24107581"]
[BlackFideId "1634852"]
[EventDate "2018.08.06"]

1. e4 e5 2. Nf3 Nc6 3. Bb5 a6 4. Ba4 Nf6 5. d3 b5 6. Bb3 Bc5 7. Bg5 h6 8. Bh4
Be7 9. a4 Rb8 10. axb5 axb5 11. Nc3 d6 12. Bxf6 Bxf6 13. Nd5 O-O 14. O-O g6 15.
Nxf6+ Qxf6 16. h3 Be6 17. Bxe6 Qxe6 18. Qd2 Kh7 19. Ra6 Qd7 20. Qc3 Nd8 21. d4
exd4 22. Nxd4 Ne6 23. Nxe6 Qxe6 24. Qxc7 Qxe4 25. c3 d5 26. Rf6 Kg7 27. Rxf7+
Rxf7 28. Qxb8 Qe2 29. b3 Kh7 30. Qd6 Qd3 31. Qc5 h5 32. Re1 Qc2 33. b4 Qd2 34.
Qe3 Qa2 35. Qd4 Qc4 36. Re5 Rd7 37. g3 Qa2 38. Re8 Rg7 39. Qf6 1-0

[Event "Riga Tech Open A 2018"]
[Site "Riga LAT"]
[Date "2018.08.09"]
[Round "5.5"]
[White "Svane, Rasmus"]
[Black "Pultinevicius, Paulius"]
[Result "1/2-1/2"]
[WhiteTitle "GM"]
[BlackTitle "IM"]
[WhiteElo "2591"]
[BlackElo "2452"]
[WhiteFideId "4657101"]
[BlackFideId "12809390"]
[EventDate "2018.08.06"]

1. Nf3 Nf6 2. c4 c5 3. Nc3 d5 4. cxd5 Nxd5 5. e3 Nxc3 6. dxc3 Qxd1+ 7. Kxd1 Bf5
8. Nd2 Nc6 9. e4 Bg6 10. Bb5 Rc8 11. a4 a6 12. Bd3 e6 13. a5 Be7 14. Nc4 O-O 15.
Kc2 Rcd8 16. Bf4 f6 17. Rhd1 Bf7 18. Be3 Be8 19. f3 Kf7 20. Bf4 Na7 21. Bc7 Rd7
22. Bg3 Rd8 23. Ne3 Bb5 24. Bxb5 Nxb5 25. Nc4 Rxd1 26. Rxd1 Rd8 27. Rf1 Ke8 28.
f4 Nd6 29. Nd2 Kd7 30. Re1 Nb5 31. Bf2 Kc6 32. f5 Bd6 33. Nf3 Bc7 34. fxe6 Re8
35. e5 Bxa5 36. exf6 gxf6 37. Nh4 Bc7 38. Bg3 Bxg3 39. hxg3 Nc7 40. e7 Kd7 41.
Nf5 Nd5 42. Rd1 Kc6 43. Re1 Kd7 44. Rh1 Nxe7 45. Rxh7 b6 46. Kd3 Kd8 47. Ng7 Rg8
48. Ke4 a5 49. Kd3 Kc8 50. Kc4 Ng6 51. Nf5 Ne5+ 52. Kb5 Rg5 53. Nd6+ Kd8 54.
Kxb6 Rxg3 55. Kxc5 Rxg2 56. b3 Rb2 57. Nb7+ Ke8 58. Nxa5 f5 59. b4 Rc2 60. Kd5
Ng4 61. Rh3 f4 62. b5 Rb2 63. c4 Nh2 64. Rb3 Rd2+ 65. Kc6 f3 66. b6 f2 67. b7
Rd8 68. b8=Q Rxb8 69. Rxb8+ Ke7 70. Rb7+ Ke6 71. Rb1 f1=Q 72. Rxf1 Nxf1 73. c5
Nd2 74. Kb7 Ne4 75. c6 Nc5+ 76. Kc7 Na6+ 77. Kb7 Nc5+ 78. Kb6 Nd7+ 79. Ka7 Kd6
80. Kb7 Nc5+ 81. Kb8 Na6+ 82. Kb7 Nc5+ 83. Kc8 Nb3 84. c7 Nxa5 85. Kb8 Nc6+ 86.
Ka8 Kxc7 1/2-1/2

[Event "Riga Tech Open A 2018"]
[Site "Riga LAT"]
[Date "2018.08.09"]
[Round "5.10"]
[White "Manafov, Vugar"]
[Black "Repka, Christopher"]
[Result "1/2-1/2"]
[WhiteTitle "FM"]
[BlackTitle "GM"]
[WhiteElo "2215"]
[BlackElo "2528"]
[WhiteFideId "13410814"]
[BlackFideId "14918781"]
[EventDate "2018.08.06"]

1. Nf3 e6 2. g3 b5 3. Bg2 Bb7 4. a4 b4 5. c4 c5 6. O-O Nf6 7. b3 Be7 8. Bb2 O-O
9. d3 d6 10. Nbd2 Nfd7 11. Qc2 Bf6 12. d4 cxd4 13. Ng5 d3 14. Qxd3 Bxg5 15. Bxb7
Nc5 16. Qf3 Nxb7 17. Qxb7 Qb6 18. Qxa8 Nc6 19. Qxf8+ Kxf8 20. Nf3 Be7 21. Rfd1
Na5 22. Rd3 Qc6 23. Bd4 a6 24. Nd2 1/2-1/2

[Event "Riga Tech Open A 2018"]
[Site "Riga LAT"]
[Date "2018.08.09"]
[Round "5.12"]
[White "Kreisl, Robert"]
[Black "Smirin, Ilia"]
[Result "0-1"]
[WhiteTitle "IM"]
[BlackTitle "GM"]
[WhiteElo "2404"]
[BlackElo "2602"]
[WhiteFideId "1613880"]
[BlackFideId "2801990"]
[EventDate "2018.08.06"]

1. Nf3 Nf6 2. g3 d6 3. d4 g6 4. Bg2 Bg7 5. O-O O-O 6. c4 Nc6 7. Nc3 a6 8. b3 Bd7
9. Bb2 e5 10. dxe5 dxe5 11. Nd5 Re8 12. Nxf6+ Bxf6 13. Nd2 Bg7 14. Ne4 Qc8 15.
Nc5 Bh3 16. e3 Bxg2 17. Kxg2 e4 18. Bxg7 Kxg7 19. f4 b6 20. Na4 Ne7 21. g4 h5
22. f5 gxf5 23. gxf5 Nxf5 24. Kh1 Ng3+ 25. hxg3 Qh3+ 26. Kg1 Qxg3+ 27. Kh1 Qh3+
28. Kg1 Re5 29. Qd4 f6 30. Rf4 c5 31. Qc3 Rd8 32. Kf2 Qh2+ 33. Ke1 Rd3 34. Rf2
Qg1+ 35. Ke2 Qg4+ 36. Kf1 Rxc3 37. Nxc3 Rf5 38. Re1 Rf3 0-1

[Event "Riga Tech Open A 2018"]
[Site "Riga LAT"]
[Date "2018.08.09"]
[Round "5.13"]
[White "Esipenko, Andrey"]
[Black "Lapshun, Yury"]
[Result "1-0"]
[WhiteTitle "GM"]
[BlackTitle "IM"]
[WhiteElo "2589"]
[BlackElo "2403"]
[WhiteFideId "24175439"]
[BlackFideId "2006960"]
[EventDate "2018.08.06"]

1. d4 Nf6 2. Nf3 e6 3. c4 d5 4. g3 Be7 5. Bg2 O-O 6. O-O dxc4 7. Ne5 Nbd7 8.
Nxc4 Nb6 9. Ne5 Rb8 10. Nc3 Bd7 11. Qb3 Be8 12. Rd1 Nfd5 13. a4 a5 14. e4 Nb4
15. Be3 c6 16. Rac1 Nd7 17. Qc4 Nb6 18. Qb3 Nd7 19. Rd2 Kh8 20. Qd1 f6 21. Nc4
Bf7 22. d5 cxd5 23. exd5 exd5 24. Bxd5 Nxd5 25. Nxd5 Be6 26. Nf4 Bf5 27. g4 Bb4
28. Rd5 g5 29. gxf5 gxf4 30. Rxd7 fxe3 31. Rxd8 exf2+ 32. Kxf2 Rbxd8 33. Qf3
Bc5+ 34. Kg2 Rg8+ 35. Kh3 Bg1 36. Rd1 Rc8 37. Nd6 Rc7 38. Qd5 1-0

[Event "Riga Tech Open A 2018"]
[Site "Riga LAT"]
[Date "2018.08.09"]
[Round "5.15"]
[White "Chekletsov, Ilya"]
[Black "Kulaots, Kaido"]
[Result "1/2-1/2"]
[WhiteTitle "IM"]
[BlackTitle "GM"]
[WhiteElo "2379"]
[BlackElo "2554"]
[WhiteFideId "24177156"]
[BlackFideId "4500261"]
[EventDate "2018.08.06"]

1. d4 Nf6 2. c4 g6 3. Nc3 d5 4. Nf3 Bg7 5. h4 c6 6. Bg5 dxc4 7. e4 Be6 8. e5 Nd5
9. h5 Nd7 10. h6 Bf8 11. Ne4 Qb6 12. Rc1 f6 13. Bd2 Nb4 14. Qa4 Nd3+ 15. Bxd3
cxd3 16. Nc5 Bd5 17. O-O Qb5 18. Qd1 O-O-O 19. b4 g5 20. e6 Nxc5 21. Rxc5 Qb6
22. b5 Qc7 23. bxc6 b6 24. Rxd5 Rxd5 25. Qb3 Qd6 26. Qa4 Kb8 27. Rc1 Bxh6 28.
Qa6 Qc7 29. Qxd3 Qd6 30. Qa6 Qc7 31. Qd3 Rhd8 32. Qxh7 Bf8 33. Qe4 1/2-1/2

[Event "Riga Tech Open A 2018"]
[Site "Riga LAT"]
[Date "2018.08.09"]
[Round "5.16"]
[White "Lobanov, Sergei"]
[Black "Shishkov, Andrei"]
[Result "1/2-1/2"]
[WhiteTitle "IM"]
[BlackTitle "FM"]
[WhiteElo "2531"]
[BlackElo "2370"]
[WhiteFideId "24183750"]
[BlackFideId "4500563"]
[EventDate "2018.08.06"]

1. e4 c5 2. Nf3 d6 3. d4 cxd4 4. Nxd4 Nf6 5. Nc3 a6 6. f3 e6 7. Be3 b5 8. Qd2
Nbd7 9. g4 b4 10. Na4 h6 11. Bc4 Qc7 12. Bb3 Bb7 13. O-O-O d5 14. exd5 Nxd5 15.
Bf2 Bd6 16. Kb1 O-O 17. Bg3 Bxg3 18. hxg3 Qxg3 19. Nf5 exf5 20. Bxd5 Bxd5 21.
Qxd5 Ne5 22. gxf5 Rad8 23. Qxd8 Rxd8 24. Rxd8+ Kh7 25. Rdd1 Qxf3 26. Nc5 a5 27.
Rhf1 Qc6 28. Nd3 Nc4 29. Rf2 a4 30. Rg1 b3 31. Rfg2 bxc2+ 32. Kc1 g5 33. fxg6+
fxg6 34. Rxg6 Qxg6 35. Rxg6 Kxg6 36. Kxc2 Kf5 37. b3 1/2-1/2

[Event "Riga Tech Open A 2018"]
[Site "Riga LAT"]
[Date "2018.08.09"]
[Round "5.20"]
[White "Mierins, Eriks"]
[Black "Haria, Ravi"]
[Result "1/2-1/2"]
[BlackTitle "IM"]
[WhiteElo "2235"]
[BlackElo "2449"]
[WhiteFideId "11603178"]
[BlackFideId "415820"]
[EventDate "2018.08.06"]

1. e4 e6 2. d4 d5 3. Nd2 Nc6 4. Ngf3 Nf6 5. e5 Nd7 6. Be2 f6 7. exf6 Qxf6 8. Nf1
Bd6 9. Bg5 Qf7 10. Ne3 O-O 11. Bh4 Nf6 12. Bg3 Ne4 13. Bxd6 cxd6 14. O-O Ne7 15.
c3 Ng6 16. Nd2 Nf6 17. f4 Ne7 18. Bd3 g6 19. Ng4 Nxg4 20. Qxg4 Bd7 21. Rae1 Rac8
22. Qh3 Qg7 23. Qe3 Nf5 24. Bxf5 Rxf5 25. Nf3 Rcf8 26. g3 h6 27. h4 R5f7 28. Kg2
Qf6 29. Qd2 Qf5 30. Nh2 b5 31. a3 a5 32. b4 Ra8 33. Qe2 Bc8 34. g4 Qe4+ 35. Qxe4
dxe4 36. Kg3 Bb7 37. Re3 axb4 38. axb4 Rc7 39. h5 gxh5 40. gxh5 Rac8 41. Ng4
Rxc3 42. Nxh6+ Kg7 43. Ng4 Rxe3+ 44. Nxe3 Rc3 45. Kf2 Rd3 46. Rc1 Bd5 47. Nxd5
exd5 48. Rc6 Rxd4 49. Rxd6 Rd2+ 50. Ke1 Rd3 51. f5 d4 52. Ke2 Re3+ 53. Kd2 Rd3+
54. Ke2 1/2-1/2

[Event "Riga Tech Open A 2018"]
[Site "Riga LAT"]
[Date "2018.08.09"]
[Round "5.22"]
[White "Chibukhchyan, Erik"]
[Black "Yankelevich, Lev"]
[Result "0-1"]
[BlackTitle "IM"]
[WhiteElo "2214"]
[BlackElo "2420"]
[WhiteFideId "34135224"]
[BlackFideId "24684074"]
[EventDate "2018.08.06"]

1. e4 e5 2. Nf3 Nc6 3. Bc4 Nf6 4. d3 Bc5 5. c3 d6 6. b4 Bb6 7. a4 a6 8. O-O h6
9. a5 Ba7 10. h3 O-O 11. Nbd2 Ne7 12. Bb3 Ng6 13. Re1 Nh5 14. Nf1 Nhf4 15. Be3
Bd7 16. Bxa7 Rxa7 17. d4 exd4 18. Qxd4 Ra8 19. Ne3 Ne5 20. Nxe5 dxe5 21. Qd1 Bc6
22. Bd5 Qf6 23. Qg4 Rad8 24. Bxc6 Qxc6 25. Nf5 Qf6 26. Rad1 g6 27. Ne3 Nd3 28.
Rf1 h5 29. Qe2 Nf4 30. Qf3 c6 31. Kh2 Qe6 32. Rxd8 Rxd8 33. Rd1 Rxd1 34. Qxd1
Qa2 35. Nc2 Qc4 36. Qd8+ Kg7 37. Qe7 Qxe4 38. Ne3 Ne2 39. g4 hxg4 40. Nxg4 Qf4+
41. Kg2 Nxc3 42. Qxb7 Qe4+ 43. Kh2 Qc4 44. Qc7 Qf4+ 45. Kg2 Qe4+ 46. Kh2 Na2 47.
Nxe5 Qf4+ 48. Kg2 Nxb4 49. Qe7 Nd5 50. Qe8 Qg5+ 51. Kf1 Qf5 52. Ng4 Qd3+ 53. Kg1
Qxh3 54. Ne5 Qf5 55. Nxc6 Qg4+ 56. Kf1 Nf6 57. Qe2 Qh3+ 58. Kg1 Ng4 59. Qb2+ Kh7
60. Qb6 Qf3 61. Nb4 Qh3 62. Qc7 Qf3 63. Qb6 Ne5 64. Nxa6 Qh3 65. f4 Qg3+ 66. Kf1
Qxf4+ 67. Ke2 Qe4+ 68. Kd1 Qd3+ 69. Ke1 Qe4+ 70. Kd1 Qd3+ 71. Ke1 Nc4 72. Qb4
Qe4+ 73. Kf2 Qf5+ 74. Kg3 Nxa5 75. Nc5 Nc6 76. Qh4+ Kg7 0-1

[Event "Riga Tech Open A 2018"]
[Site "Riga LAT"]
[Date "2018.08.09"]
[Round "5.23"]
[White "Hjelmas, Lars"]
[Black "Samolins, Vitalijs"]
[Result "0-1"]
[WhiteTitle "FM"]
[BlackTitle "IM"]
[WhiteElo "2271"]
[BlackElo "2419"]
[WhiteFideId "1501054"]
[BlackFideId "11602112"]
[EventDate "2018.08.06"]

1. d4 Nf6 2. c4 e6 3. g3 d5 4. Nf3 Be7 5. Bg2 O-O 6. O-O dxc4 7. Na3 b6 8. Ne5
Nd5 9. Naxc4 Bb7 10. e4 Nf6 11. Qe2 Nbd7 12. Rd1 Nxe5 13. dxe5 Nd7 14. Be3 Qc8
15. Rac1 Ba6 16. Qc2 Rd8 17. f4 Qb7 18. a3 Nf8 19. Nd6 Bxd6 20. exd6 cxd6 21. b4
Rac8 22. Qb3 Be2 23. Re1 Qa6 24. a4 Bc4 25. Qc2 d5 26. b5 Qb7 27. Qb2 dxe4 28.
Bd4 f5 29. h4 h5 30. Re3 Qd7 31. Be5 Bd3 32. Rd1 Ng6 33. Bf3 Nxe5 34. Qxe5 Rc5
35. Qb2 Rc2 36. Qe5 Qd4 37. Qxd4 Rxd4 38. Bxh5 Rxa4 39. g4 Rac4 40. gxf5 exf5
41. Bg6 Rc1 42. Ree1 Rxd1 43. Rxd1 Rb4 0-1

[Event "Riga Tech Open A 2018"]
[Site "Riga LAT"]
[Date "2018.08.09"]
[Round "5.24"]
[White "Kollars, Dmitrij"]
[Black "Kukk, Sander"]
[Result "1-0"]
[WhiteTitle "GM"]
[WhiteElo "2549"]
[BlackElo "2194"]
[WhiteFideId "12909572"]
[BlackFideId "4502094"]
[EventDate "2018.08.06"]

1. e4 g6 2. d4 Bg7 3. Nf3 d6 4. Bc4 Nf6 5. Qe2 O-O 6. e5 dxe5 7. dxe5 Nd5 8. O-O
Bg4 9. Nbd2 Nc6 10. Qe4 Bxf3 11. Nxf3 Nb6 12. Bb3 Na5 13. Be3 c6 14. Qh4 Nxb3
15. axb3 Nd5 16. Bh6 f6 17. c4 Nc7 18. Rfe1 Re8 19. Rad1 Qc8 20. Bxg7 Kxg7 21.
Re3 Ne6 22. exf6+ exf6 23. Rd6 a5 24. h3 g5 25. Qg3 Nf4 26. Rxf6 Kxf6 27. Qxg5+
Kf7 28. Qxf4+ Kg8 29. Ne5 1-0

[Event "Riga Tech Open A 2018"]
[Site "Riga LAT"]
[Date "2018.08.09"]
[Round "5.25"]
[White "Zakhartsov, Viacheslav V."]
[Black "Krykun, Yuriy"]
[Result "1/2-1/2"]
[WhiteTitle "GM"]
[BlackTitle "FM"]
[WhiteElo "2544"]
[BlackElo "2325"]
[WhiteFideId "4115333"]
[BlackFideId "14140667"]
[EventDate "2018.08.06"]

1. d4 Nf6 2. c4 e6 3. Nc3 d5 4. cxd5 Nxd5 5. e4 Nxc3 6. bxc3 c5 7. Nf3 cxd4 8.
cxd4 Bb4+ 9. Bd2 Bxd2+ 10. Qxd2 O-O 11. Rc1 b6 12. Bd3 Bb7 13. O-O Nd7 14. Qf4
h6 15. e5 Rc8 16. Nd2 Nc5 17. Bc4 Na6 18. Bb3 Nb4 1/2-1/2

[Event "Riga Tech Open A 2018"]
[Site "Riga LAT"]
[Date "2018.08.09"]
[Round "5.26"]
[White "Annaberdiev, Meilis"]
[Black "Narva, Mai"]
[Result "1-0"]
[WhiteTitle "IM"]
[BlackTitle "WIM"]
[WhiteElo "2509"]
[BlackElo "2320"]
[WhiteFideId "14000563"]
[BlackFideId "4500512"]
[EventDate "2018.08.06"]

1. e4 c5 2. Nc3 Nc6 3. Bb5 g6 4. Bxc6 dxc6 5. d3 Nf6 6. Be3 b6 7. h3 Bg7 8. Qd2
h5 9. Nf3 a5 10. O-O O-O 11. Bh6 Ba6 12. Rad1 Qc7 13. Bxg7 Kxg7 14. Ng5 b5 15.
f4 b4 16. Ne2 e6 17. b3 Rad8 18. Qe3 Qe7 19. Ng3 Bc8 20. Qf2 Nd7 21. Rde1 e5 22.
Ne2 exf4 23. Nf3 Ne5 24. Nxf4 Nxf3+ 25. Qxf3 Qe5 26. Kh1 a4 27. bxa4 Bd7 28. Qf2
Ra8 29. Re3 Rxa4 30. Qh4 Rxa2 31. Rg3 Rh8 32. Rg5 Qd4 33. e5 Rh6 34. Qg3 Bg4 35.
e6 Ra7 36. exf7 Rxf7 37. Rxg4 hxg4 38. Ne6+ Kg8 39. Qb8+ 1-0